000 01073nam a2200277 a 4500
001 BRCA_8436
005 20190320210258.0
008 800918s1984####sp-######b---#000-u#spa-#
020 _a8420698113 (Obra completa)
041 _aspa
044 _asp
050 4 _aPQ6323
_b.C47 1984
100 1 _aCervantes Saavedra, Miguel de
_d1547-1616.
_9213
245 1 0 _aEl Ingenioso Hidalgo Don Quijote de la Mancha
_cMiguel de Cervantes Saavedra ; introducción y notas de Joaquín Casalduero.
260 _aMadrid
_bAlianza Editorial
_c1984
300 _a2 v.
_c18 cm.
440 0 _aClásicos
_921124
505 0 _aContenido : v.1. El ingenioso hidalgo Don Quijote de la Mancha (1605). -- v.2. El ingenioso caballero Don Quijote de la Mancha (1615)
650 1 4 _aNovela española
_yÉpoca clásica, 1500-1700
_9215
650 1 4 _aLiteratura española
_yÉpoca clásica, 1500-1700
_9216
650 1 4 _aNovela española
_ySiglo XVII
_9217
650 1 4 _aDon Quijote (Personaje ficticio)
_vNovela
_911664
700 1 _aCasalduero, Joaquín
_921125
902 _aQAG
942 _2lcc
_cB
999 _c8103
_d8103